Los hugonotes: un camino de sangre y lágrimas
Guardat en:
| Autor principal: | |
|---|---|
| Format: | Llibre |
| Idioma: | espanyol |
| Publicat: |
Barcelona
Clie
2006
|
| Col·lecció: | Historia
|
| Matèries: | |
| Etiquetes: |
Afegir etiqueta
Sense etiquetes, Sigues el primer a etiquetar aquest registre!
|
MARC
| LEADER | 00000nam a2200000 a 4500 | ||
|---|---|---|---|
| 001 | UCI7982 | ||
| 003 | CL-VaPUC | ||
| 008 | 080731e20060000SP |||||||||||||||||spa|d | ||
| 020 | |a 8482674749 | ||
| 082 | 0 | 4 | |a 230.044 |b BEN |2 21 |
| 100 | 0 | |a Benlliure Andrieux, Félix |e author |9 531425 | |
| 245 | 1 | 4 | |a Los hugonotes: un camino de sangre y lágrimas |
| 300 | |a 283 p | ||
| 942 | |c BK | ||
| 945 | |d 20080731 00:00:00 |a jtorresc | ||
| 260 | |a Barcelona |b Clie |c 2006 | ||
| 650 | 0 | |a Protestantismo |9 317293 | |
| 650 | 7 | |a HISTORIA DE FRNACIA |2 CL-VaPUC |9 531426 | |
| 650 | 7 | |a HUGONOTES |2 CL-VaPUC |9 516120 | |
| 650 | 7 | |a PERSECUSIONES RELIGIOSAS |2 CL-VaPUC |9 480245 | |
| 583 | |a last modification |c 20080731 00:00:00 |k Rodrigo Vera | ||
| 490 | 0 | |a Historia | |
| 999 | |c 331087 |d 331085 | ||
| 952 | |0 0 |1 0 |4 0 |6 230_044000000000000_BEN_2006 |7 0 |8 A |9 417201 |a BIBHIS |b BIBHIS |d 2019-11-22 |i 4467876 |o 230.044 BEN 2006 |p 4467876 |r 2025-01-20 |w 2019-11-22 |y BK |k HIS | ||